01099cam a22003015a 45000010009000000050017000090080041000260200016000670200018000830400028001010820021001291000033001502450070001832500012002532600059002653000034003245000024003585040041003826500037004236500029004606500038004896510010005276530041005376550024005789420021006029990017006239520157006401773461920150813151002.0130511s2013 enka frb 001 0 eng d a0123972191  a9780123972194 aDLCbengcDLCdEG-ScBUE04a621.042bDAR2221 aDa Rosa, Aldo Vieira.91155610aFundamentals of renewable energy processes /cAldo Vieira da Rosa a3rd ed. aOxford ;aWaltham :bAcademic Press / Elsevier,c2013. axxi, 884 p. :bill. ;c24 cm. aIndex : p. 863-884. aIncludes bibliographical references. 0aRenewable energy sources.2BUEsh 0aPower (Mechanics)2BUEsh 0aEnvironmental engineering.2BUEsh 2BUEsh bENGGENbENGMECcJune2015cAugust2015 vreading book934232 2ddck621.042 DAR c19765d19737 00102ddc40708AlahramaMAINbMAINc1STd2015-06-18epurchaseg543.00h304l3m16o621.042 DARp000038780r2025-07-15 00:00:00s2023-02-04v678.75yBB